000 00212nam a2200097Ia 4500
005 20251222114415.0
008 251222s1900||||xx |||||||||||||| ||spa||
082 _aDVD0070/H74/2005
245 0 _aTsotsi:
942 _cDVD
999 _c2186
_d2186